Statistics for Name the 90s-early 2000s Alternative Bands

Click here to take the quiz!

General Stats

  • This quiz has been taken 557 times
    (520 since last reset)
  • The average score is 24 of 41

Answer Stats

Hint Answer % Correct
Smells Like Teen Spirit, All Apologies, Heart-shaped BoxNirvana
99%
Wake Me Up When September Ends, American Idiot, Boulevard of Broken DreamsGreen Day
93%
Scar Tissue, Californication, The Zephyr SongsRed Hot Chili Peppers
91%
Stand by Me, Champagne Supernova, WonderwallOasis
90%
Losing My Religion, Everybody Hurts, Shiny Happy PeopleREM
83%
Linger, Zombie, Just My ImaginationThe Cranberries
80%
All the Small Things, The Rock Show, I Miss YouBlink-182
80%
Creep, High and Dry, No SurprisesRadiohead
79%
In The End, Numb, One Step CloserLinkin Park
76%
Everlong, Pretender, Best of YouFoo Fighters
75%
Dont Speak, Say That You Love Me, Just a GirlNo Doubt
72%
Last Kiss, Jeremy, Even FlowPearl Jam
70%
Far Away, Photograph, How U Remind MeNickelback
68%
Killing in the Name, Bulls on Parade, Wake UpRage Against The Machine
68%
Island in the Sun, The Sweater Song, Hash PipeWeezer
67%
Bring Me to Life, My Immortal, Going UnderEvanescence
66%
Iris, Here is Gone, NameGoo Goo Dolls
66%
This Ain't a Scene, Sugar We're Going Down, Thanks for the MemoriesFallout Boy
66%
Song 2, Coffee and TV, ParklifeBlur
65%
Pretty Fly, Come Out and Play, All I WantThe Offspring
63%
Chop Suey, Toxicity, BYOBSystem of a Down
62%
Loser, Blue Moon, Everybody's Gotta Learn SomethingBeck
59%
Be Like That, Here Without You, Kryptonite3 Doors Down
58%
It Ends Tonight, Gives You Hell, Dirty Little SecretThe All-American Rejects
56%
Last Resort, Scars, Between Angels and InsectsPapa Roach
52%
One, Stuck in a moment, ElevationU2
51%
My Sacrifice, With Arms Wide Open, One Last BreathCreed
50%
Semi-Charmed Life, Never Let You Go, JumperThird Eye Blind
49%
Glycerine, The Chemicals Between Us, MachineheadBush
48%
Take a Look Around, Behind Blue Eyes, RollinLimp Bizkit
44%
Down With the Sickness, Stupify, RememberDisturbed
43%
Only Happy When It Rains, Cherry Lips, #1 CrushGarbage
39%
Wish You Were Here, Drive, Summer RomanceIncubus
37%
Only God Knows Why, All Summer Long, First KissKidrock
35%
If You're Gone, Push, BentMatchbox Twenty
33%
Hey Jealousy, As Long as It Matters, Follow You DownGin Blossoms
31%
Runaway Train, Misery, Somebody to ShoveSoul Asylum
29%
The Freshmen, Colorful, I Want All of YouThe Verve Pipe
26%
Love Song, Beautiful Disaster, Come Original311
23%
Miss You Love, Ana's Song, TomorrowSilverchair
20%
Far behind, Cover Me, 10,000 HorsesCandlebox
17%

Score Distribution

Percentile by Number Answered

Percent of People with Each Score

Your Score History

You have not taken this quiz since the last reset